Reflexiones sobre el uso interno y externo de las aguas termales de Trillo / (Record no. 154829)
[ view plain ]
| 000 -LEADER | |
|---|---|
| campo de control de longitud fija | 01118nam a2200241 i 4500 |
| 001 - NÚMERO DE CONTROL | |
| campo de control | 154829 |
| 003 - IDENTIFICADOR DE NÚMERO DE CONTROL | |
| campo de control | ES-MaACL |
| 005 - FECHA Y HORA DE LA ÚLTIMA TRANSACCIÓN | |
| campo de control | 20230906205852.0 |
| 008 - DATOS DE LONGITUD FIJA--INFORMACIÓN GENERAL | |
| campo de control de longitud fija | 011113s1791 sp |||| | spa d |
| 100 1# - ENTRADA PRINCIPAL--NOMBRE DE PERSONA | |
| Nombre de persona | Guarnerio y Allavena, Luis. |
| 9 (RLIN) | 127591 |
| 245 10 - MENCIÓN DEL TÍTULO | |
| Título | Reflexiones sobre el uso interno y externo de las aguas termales de Trillo / |
| Mención de responsabilidad, etc. | por D. Luis Guarnerio y Allavena... ; baxo la direccion del señor D. Narciso Carrascoso, y á costa del autor. |
| 260 ## - PUBLICACIÓN, DISTRIBUCIÓN, ETC. | |
| Lugar de publicación, distribución, etc. | Madrid : |
| Nombre del editor, distribuidor, etc. | en la oficina de D. Gerónimo Ortega é Hijos de Ibarra, |
| Fecha de publicación, distribución, etc. | 1791. |
| 300 ## - DESCRIPCIÓN FÍSICA | |
| Extensión | [4], VIII, 110 p. ; |
| Dimensiones | 4º. |
| 530 ## - NOTA DISPONIBLE DE FORMULARIO FÍSICO ADICIONAL | |
| Nota de formato físico adicional disponible | Disponible en formato digital. |
| 596 ## - NOTA AL PIE DE IMPRENTA | |
| NOTA AL PIE DE IMPRENTA | Marca tip. en port. |
| 597 ## - NOTA DE DESCRIPCIÓN FÍSICA | |
| NOTA DE DESCRIPCIÓN FÍSICA | Sign.: Sign.: [ ]², *4, a-n4, o4-1. |
| 597 ## - NOTA DE DESCRIPCIÓN FÍSICA | |
| NOTA DE DESCRIPCIÓN FÍSICA | Antep. |
| 650 #4 - PUNTO DE ACCESO ADICIONAL DE MATERIA--TÉRMINO DE MATERIA | |
| Término de materia o nombre geográfico como elemento de entrada | Aguas minerales- |
| Subdivisión geográfica | Trillo (Guadalajara) |
| 9 (RLIN) | 172328 |
| 650 #4 - PUNTO DE ACCESO ADICIONAL DE MATERIA--TÉRMINO DE MATERIA | |
| Término de materia o nombre geográfico como elemento de entrada | Fuentes termales- |
| Subdivisión geográfica | Guadalajara (Provincia) |
| 9 (RLIN) | 172335 |
| 700 1# - ENTRADA AGREGADA--NOMBRE PERSONAL | |
| Nombre de persona | Carrascoso, Narciso. |
| 9 (RLIN) | 126354 |
| 852 ## - LOCALIZACIÓN | |
| Ubicación | ES-MaACL |
| Número de control de estantería | R-3097(1) |
| Nota libre | - Enc. hol. |
| -- | - Enc. en un vol. facticio |
| Encuadernación | Olim: T-627-F |
| 856 ## - LOCALIZACIÓN Y ACCESO ELECTRÓNICOS | |
| Identificador Uniforme de Recursos | <a href="http://bdh-rd.bne.es/viewer.vm?id=0000063699&page=1 ">http://bdh-rd.bne.es/viewer.vm?id=0000063699&page=1 </a> |
| Nota pública | Biblioteca Digital Hispánica |
| Estatus retirado | Estado de pérdida | Estado de daño | No para préstamo | Colección | Biblioteca de origen | Biblioteca actual | Ubicación en estantería | Fecha de adquisición | Total de préstamos | Signatura topográfica completa | Código de barras | Visto por última vez | Precio de reemplazo | Tipo de ítem Koha |
|---|---|---|---|---|---|---|---|---|---|---|---|---|---|---|
| Colección digital | Biblioteca del Ateneo de Madrid | Biblioteca del Ateneo de Madrid | Depósito | 17/01/2008 | R-3097(1) | 1161947 | 23/02/2023 | 23/02/2023 | Libro impreso antiguo |
